<?xml version="1.0" encoding="UTF-8"?>
<record
    xmlns:xsi="http://www.w3.org/2001/XMLSchema-instance"
    xsi:schemaLocation="http://www.loc.gov/MARC21/slim http://www.loc.gov/standards/marcxml/schema/MARC21slim.xsd"
    xmlns="http://www.loc.gov/MARC21/slim">

  <leader>00756nam a22002297a 4500</leader>
  <controlfield tag="003">OSt</controlfield>
  <controlfield tag="008">260630b        |||||||| |||| 00| 0 eng d</controlfield>
  <datafield tag="020" ind1=" " ind2=" ">
    <subfield code="a">9781668467206</subfield>
  </datafield>
  <datafield tag="082" ind1=" " ind2=" ">
    <subfield code="a">613.94</subfield>
    <subfield code="b">I43R</subfield>
  </datafield>
  <datafield tag="100" ind1=" " ind2=" ">
    <subfield code="a">IRMA</subfield>
  </datafield>
  <datafield tag="245" ind1=" " ind2=" ">
    <subfield code="a">Research Anthology on Advancements in Women's Health and Reproductive Rights / </subfield>
    <subfield code="c">by Information Resources Management Association</subfield>
  </datafield>
  <datafield tag="260" ind1=" " ind2=" ">
    <subfield code="a">.- USA</subfield>
    <subfield code="b">: IGI Global</subfield>
    <subfield code="c">, 2022</subfield>
  </datafield>
  <datafield tag="300" ind1=" " ind2=" ">
    <subfield code="a">vol.- l, (xxv,543); vol.- ll, (xxv,544-1101)p.</subfield>
  </datafield>
  <datafield tag="365" ind1=" " ind2=" ">
    <subfield code="e">2vol. Set. Price- 131712.00</subfield>
  </datafield>
  <datafield tag="650" ind1=" " ind2=" ">
    <subfield code="a">Technology (Applied Sciences)</subfield>
  </datafield>
  <datafield tag="650" ind1=" " ind2=" ">
    <subfield code="a">Medicine and Health</subfield>
  </datafield>
  <datafield tag="650" ind1=" " ind2=" ">
    <subfield code="a">Women's Health</subfield>
  </datafield>
  <datafield tag="650" ind1=" " ind2=" ">
    <subfield code="a">Reproductive Health</subfield>
  </datafield>
  <datafield tag="650" ind1=" " ind2=" ">
    <subfield code="a">Reproductive Health Services</subfield>
  </datafield>
  <datafield tag="650" ind1=" " ind2=" ">
    <subfield code="a">Reproductive Rights</subfield>
  </datafield>
  <datafield tag="942" ind1=" " ind2=" ">
    <subfield code="2">ddc</subfield>
    <subfield code="c">RFB</subfield>
  </datafield>
  <datafield tag="999" ind1=" " ind2=" ">
    <subfield code="c">52492</subfield>
    <subfield code="d">52492</subfield>
  </datafield>
  <datafield tag="952" ind1=" " ind2=" ">
    <subfield code="0">0</subfield>
    <subfield code="1">0</subfield>
    <subfield code="2">ddc</subfield>
    <subfield code="4">0</subfield>
    <subfield code="7">0</subfield>
    <subfield code="a">RAU</subfield>
    <subfield code="b">RAU</subfield>
    <subfield code="c">REF</subfield>
    <subfield code="d">2026-06-30</subfield>
    <subfield code="e">TTPP, New Delhi</subfield>
    <subfield code="g">65856.00</subfield>
    <subfield code="o">613.94 I43R</subfield>
    <subfield code="p">87666</subfield>
    <subfield code="r">2026-06-30</subfield>
    <subfield code="w">2026-01-29</subfield>
    <subfield code="y">RFB</subfield>
    <subfield code="z">Volume- l</subfield>
    <subfield code="k">IN-00449</subfield>
  </datafield>
  <datafield tag="952" ind1=" " ind2=" ">
    <subfield code="0">0</subfield>
    <subfield code="1">0</subfield>
    <subfield code="2">ddc</subfield>
    <subfield code="4">0</subfield>
    <subfield code="7">0</subfield>
    <subfield code="a">RAU</subfield>
    <subfield code="b">RAU</subfield>
    <subfield code="c">REF</subfield>
    <subfield code="d">2026-06-30</subfield>
    <subfield code="e">TTPP, New Delhi</subfield>
    <subfield code="g">65856.00</subfield>
    <subfield code="o">613.94 I43R</subfield>
    <subfield code="p">87667</subfield>
    <subfield code="r">2026-06-30</subfield>
    <subfield code="w">2026-01-29</subfield>
    <subfield code="y">RFB</subfield>
    <subfield code="z">Volume- ll</subfield>
    <subfield code="k">IN-00449</subfield>
  </datafield>
</record>
